RIVISTA DEL CINEMATOGRAFO, ANNO 48-N.11 (NOVEMBRE 1975) (Record n. 171636)

Dettagli MARC
000 -LEADER
fixed length control field 01085nas a2200253Ia 4500
001 - CONTROL NUMBER
control field R031/43900
003 - CONTROL NUMBER IDENTIFIER
control field IT-RoPAU
008 - FIXED-LENGTH DATA ELEMENTS--GENERAL INFORMATION
fixed length control field 151124c99999999xx |||||||||||| ||und||
040 ## - CATALOGING SOURCE
Original cataloging agency IT-RoPAU
040 ## - CATALOGING SOURCE
Transcribing agency IT-RoPAU
041 ## - LANGUAGE CODE
Language code of text/sound track or separate title ITALIANO
100 ## - MAIN ENTRY--PERSONAL NAME
Personal name Arosio Mario
Miscellaneous information Codice Aut. SPICS: 9786
210 ## - ABBREVIATED TITLE
Abbreviated title RIVISTA DEL CINEMATOGRAFO
222 ## - KEY TITLE
Key title Rivista Del Cinematografo
245 ## - TITLE STATEMENT
Title RIVISTA DEL CINEMATOGRAFO, ANNO 48-N.11 (NOVEMBRE 1975)
Remainder of title Cinema Arabo E Africano-3-Strutture Economiche E Organizzative
250 ## - EDITION STATEMENT
Edition statement 1a ed.
260 ## - PUBLICATION, DISTRIBUTION, ETC. (IMPRINT)
Place of publication, distribution, etc. ROMA
Name of publisher, distributor, etc. CITTA' ETERNA
Date of publication, distribution, etc. 1975
300 ## - PHYSICAL DESCRIPTION
Extent 15 p. [477-491]
362 ## - DATES OF PUBLICATION AND/OR SEQUENTIAL DESIGNATION
Dates of publication and/or sequential designation ANNO 048, N.11 (NOVEMBRE 1975)
501 ## - WITH NOTE
-- Paulus - SPICS - Società San Paolo EM (non-commercial uses only)
-- Copyright2015
500 ## - GENERAL NOTE
General note Dossier Sul Cinema Arabo e Africano. Documenti Sulle Strutture Economiche di Alcuni Paesi Arabi e Africani. Ruolo del Monopolio per L'Importazione e la Distribuzione dei Film in Tunisia. Problemi della Produzione e Distribuzione nel Senegal, nel Dahomey.
650 ## - SUBJECT ADDED ENTRY--TOPICAL TERM
Topical term or geographic name as entry element CINEMA
Form subdivision PUBBLICAZIONE PERIODICA
942 ## - ADDED ENTRY ELEMENTS (KOHA)
Koha item type RIVISTA
Dati di copia
Withdrawn status Lost status Damaged status Not for loan Home library Current library Date acquired Total Checkouts Full call number Date last seen Price effective from Koha item type Public note
    Buone Condizioni Not For Loan SPICS-MEDIATECA SPICS-MEDIATECA 25/11/2015   R031/43900 25/11/2015 25/11/2015 RIVISTA Progr. Ins: 32887 / Copia rara: NO / date import: 25.11.2015 / By Epidotti, Trombetti, Vaglietti
CREDITS: SOCIETA' SAN PAOLO Via A.Severo, 58 - ROMA (RM) & PERIODICI SAN PAOLO SRL Via Giotto, 36 MILANO & CISF Via Giotto, 36 MILANO & EDIZIONI SAN PAOLO SRL,  Piazza Soncino, 5 CINISELLO BALSAMO (MI) -- ITALY